Identifikovanie skrytých vzťahov medzi ukazovateľmi vybraných podnikov na Slovensku

Gespeichert in:
Bibliographische Detailangaben
1. Verfasser: Vojtková, Mária, 1966-
Format: Buchkapitel
Sprache:Slowakisch
Tags: Tag hinzufügen
Keine Tags, Fügen Sie das erste Tag hinzu!

MARC

LEADER 00000naa$a2200000$$$4500
001 0122992
005 20240502083314.4
041 0 |a slo 
044 |a CZ 
245 1 0 |a Identifikovanie skrytých vzťahov medzi ukazovateľmi vybraných podnikov na Slovensku  |c Mária Vojtková 
100 1 |a Vojtková, Mária, 1966-